The Columbia Guide to American Indians of the Northeast : (Record no. 580238)

MARC details
000 -LEADER
fixed length control field 00520nam a2200193 a 4500
008 - FIXED-LENGTH DATA ELEMENTS--GENERAL INFORMATION
fixed length control field 250811s2001##################000#0#eng##
020 ## - INTERNATIONAL STANDARD BOOK NUMBER
ISBN 9780231114530
082 04 - DEWEY DECIMAL CLASSIFICATION NUMBER
Classification number 974.00497
Item number BRA
100 1# - MAIN ENTRY--AUTHOR NAME
Personal name Bragdon, Kathleen Joan,
245 10 - TITLE STATEMENT
Title The Columbia Guide to American Indians of the Northeast :
260 ## - PUBLICATION, DISTRIBUTION, ETC. (IMPRINT)
Name of publisher Columbia University Press,
Year of publication 2001.
300 ## - PHYSICAL DESCRIPTION
Number of Pages 327 pages
650 #0 - SUBJECT ADDED ENTRY--TOPICAL TERM
Topical Term History.
942 ## - ADDED ENTRY ELEMENTS (KOHA)
Koha item type English Books
Holdings
Withdrawn status Lost status Damaged status Not for loan Home library Current library Shelving location Date acquired Full call number Accession Number Price effective from Koha item type
        Anna Centenary Library Anna Centenary Library 7TH FLOOR, B WING 11.08.2025 974.00497 BRA 168390 11.08.2025 English Books

Find us on the map